| 000 | 00738cab a2200217 4500 | ||
|---|---|---|---|
| 001 | WB2642-04 | ||
| 008 | 090401t1990 xxu||||| |||| 00| 0 eng d | ||
| 035 | _a(Sirsi) u2775 | ||
| 041 | _aeng | ||
| 245 | _aFranchises offer protection from recession | ||
| 260 | _c1990 | ||
| 350 | _a0 | ||
| 490 |
_aDaily Telegraph _v22/10/90 p28 |
||
| 520 | _aAccording to a recent survey by the British Franchise Association and National Westminster Bank , less than 5% of business in franchise networks fail at a time when many retail outlets are becoming victims of the recession. | ||
| 650 | _aBUSINESS TENANCIES | ||
| 650 | _aHIGH STREET | ||
| 650 | _aRETAIL | ||
| 690 | _aPROPERTY-COMMERCIAL PROPERTY | ||
| 942 | _n0 | ||
| 948 | _c04/03/1997 | ||
| 999 |
_c1670 _d1670 |
||